| 000 | 00409nam a2200133Ia 4500 | ||
|---|---|---|---|
| 008 | 170221s9999 xx 000 0 und d | ||
| 100 | _aSharon M. Taylor | ||
| 245 | 4 | _aThe Solution to the Financial Literacy Problem: What is the Answer? | |
| 245 | _cSharon M. Taylor and Suzanne Wagland | ||
| 260 | _cJune 2017 | ||
| 300 | _a9 : 1 | ||
| 650 | _xBusiness | ||
| 856 | _uhttp://ro.uow.edu.au/aabfj/vol7/iss3/5/ | ||
| 999 |
_c309850 _d309850 |
||